[Event "FSV-ch 2013"]
[Site "Dortmund"]
[Date "2013.04.18"]
[Round "3.10"]
[White "Boeck, Matthias"]
[Black "Herrmann, Rudolf"]
[Result "1/2-1/2"]
[WhiteElo "1649"]
[BlackElo "1310"]
[PlyCount "185"]
[EventDate "2013.??.??"]

1. f4 Nf6 2. Nf3 g6 3. g3 c6 4. d3 Bg7 5. Bg2 d5 6. h3 Nh5 7. g4 Nf6 8. c3 Qb6
9. Na3 a6 10. e3 Nbd7 11. O-O h5 12. g5 Nh7 13. Nh4 Nc5 14. Kh1 e6 15. e4 Qc7
16. Be3 b6 17. e5 Bd7 18. Bf3 Nf8 19. Rf2 Bc8 20. Rc2 Nfd7 21. Rac1 b5 22. b4
Na4 23. c4 Nxe5 24. cxb5 O-O 25. Qe2 Rb8 26. fxe5 Qxe5 27. Qf2 cxb5 28. Ng2 Qd6
29. Bc5 Nxc5 30. bxc5 Qc6 31. Nf4 Bd7 32. d4 Rfd8 33. Kg2 Be8 34. Nd3 e5 35.
dxe5 Qe6 36. Re2 Bc6 37. Nc2 Qf5 38. Nd4 Qxg5+ 39. Kh1 Ba8 40. Rg1 Qe7 41. Qg2
Qh4 42. Nf5 Qc4 43. Nxg7 Kxg7 44. Nb2 Qxc5 45. e6 Qe7 46. exf7 Qxf7 47. Rf1 Rf8
48. Ref2 Qe6 49. Kg1 d4 50. Bxa8 Rxa8 51. Rxf8 Rxf8 52. Rxf8 Kxf8 53. Nd3 Qe3+
54. Qf2+ Ke7 55. Qxe3+ dxe3 56. Nf4 g5 57. Nxh5 Ke6 58. Kg2 Ke5 59. Kf3 Kd4 60.
Ke2 b4 61. Nf6 a5 62. Ng4 Kc3 63. Nxe3 Kb2 64. Nc4+ Kxa2 65. Nxa5 Ka3 66. Nc4+
Kb3 67. Kd3 Ka4 68. Kc2 Kb5 69. Nd6+ Kc5 70. Ne4+ Kd5 71. Nxg5 Ke5 72. Nf3+ Kf4
73. h4 Kg4 74. Kb3 Kh5 75. Kxb4 Kh6 76. Kc5 Kh5 77. Kd5 Kh6 78. Ke6 Kh5 79. Kf5
Kh6 80. Kg4 Kg6 81. h5+ Kh6 82. Ne5 Kg7 83. Kg5 Kh7 84. Nd7 Kg7 85. Kf5 Kh6 86.
Nf6 Kg7 87. Ke6 Kh8 88. Ke7 Kg7 89. Ng4 Kh7 90. Kf8 Kh8 91. Kf7 Kh7 92. Nf6+
Kh8 93. h6 (93. Ng4 Kh7 94. Kf6 Kh8 95. Kg6 Kg8 96. Ne5 Kh8 97. Nf7+ Kg8 98. h6
Kf8 99. h7 $18) 1/2-1/2

[Event "FSV-ch 2013"]
[Site "Dortmund"]
[Date "2013.04.18"]
[Round "3.11"]
[White "Jost, Udo"]
[Black "Schlepütz, Volker"]
[Result "1/2-1/2"]
[WhiteElo "1921"]
[BlackElo "1548"]
[PlyCount "128"]
[EventDate "2013.??.??"]

1. c4 e5 2. a3 Nf6 3. d3 c5 4. Bg5 d6 5. Nc3 Qa5 6. Qd2 Be7 7. Nf3 O-O 8. g3
Nc6 9. Bg2 Bd7 10. O-O a6 11. b4 Qd8 12. bxc5 dxc5 13. Rab1 Rb8 14. h3 Qc8 15.
Kh2 Be6 16. Rb6 Rd8 17. Nh4 Bxc4 18. Rfb1 Bd5 19. e4 Be6 20. Bxf6 Bxf6 21. Nd5
Bxh4 22. gxh4 Kf8 23. Qg5 Qd7 24. Rg1 Nd4 25. Qh5 Bxd5 26. exd5 Qf5 27. Qxf5
Nxf5 28. h5 Rd6 29. Rgb1 Rxb6 30. Rxb6 Ke7 31. Be4 Nd6 32. Bg2 f5 33. Kg3 Rf8
34. Bf1 Rf6 35. Kh4 h6 36. a4 e4 37. a5 Kd7 38. Rb1 exd3 39. Bxd3 Kc7 40. Rg1
Rf7 41. Kg3 Ne4+ 42. Bxe4 fxe4 43. Re1 Kd6 44. Rxe4 Kxd5 45. Re1 c4 46. f4 Kd4
47. Kf3 Rf5 48. Re7 Rxh5 49. Rxg7 Rxh3+ 50. Kg4 Ra3 51. Rd7+ Kc3 52. Rd5 Kb2
53. Rd7 Rxa5 54. Rxb7+ Rb5 55. Rxb5+ axb5 56. f5 c3 57. f6 c2 58. f7 c1=Q 59.
f8=Q Qc4+ 60. Kg3 Qd3+ 61. Kf2 Qd2+ 62. Kf1 b4 63. Qf6+ Kc2 64. Qc6+ Kb2
1/2-1/2

[Event "FSV-ch 2013"]
[Site "Dortmund"]
[Date "2013.04.18"]
[Round "3.12"]
[White "Gennat, Egon L"]
[Black "Schulz-Runge, Michael"]
[Result "0-1"]
[WhiteElo "1466"]
[BlackElo "1718"]
[PlyCount "80"]
[EventDate "2013.??.??"]

1. c4 c5 2. Nc3 Nc6 3. g3 g6 4. Bg2 Bg7 5. e4 Ne5 6. d3 d6 7. h3 Nf6 8. Nge2
O-O 9. O-O Rb8 10. f4 Nc6 11. Be3 a6 12. a4 e6 13. Qd2 Na5 14. Nc1 Qb6 15. Qc2
Nc6 16. g4 Nd4 17. Qd2 Nd7 18. a5 Qd8 19. N3e2 b6 20. Bxd4 cxd4 21. Nb3 bxa5
22. Nbxd4 Qb6 23. Qe3 e5 24. Nc2 Qxb2 25. Qc1 Nc5 26. Qxb2 Rxb2 27. d4 Rxc2 28.
dxc5 Rxe2 29. cxd6 exf4 30. Rxa5 Bd4+ 31. Kh1 Bb6 32. Rd5 Bb7 33. Re5 f6 34.
Re7 Bc6 35. Rd1 Rf7 36. Rxf7 Kxf7 37. c5 Bxc5 38. d7 Bxd7 39. Rxd7+ Ke6 40. Rd5
Re1+ 0-1

[Event "FSV-ch 2013"]
[Site "Dortmund"]
[Date "2013.04.18"]
[Round "3.13"]
[White "Winkler, Harald"]
[Black "Raskin, Vitali"]
[Result "0-1"]
[WhiteElo "1335"]
[BlackElo "1653"]
[PlyCount "62"]
[EventDate "2013.??.??"]

1. Nf3 d5 2. c4 dxc4 3. Na3 Nc6 4. Nxc4 b5 5. Nce5 Nxe5 6. Nxe5 Qd5 7. d4 f6 8.
Nf3 Bb7 9. h4 O-O-O 10. Bf4 e5 11. dxe5 Bb4+ 12. Bd2 Qe6 13. Qc2 Bxd2+ 14. Nxd2
fxe5 15. e4 a6 16. g3 Nf6 17. Bg2 Kb8 18. a3 Rd4 19. O-O Rhd8 20. Rad1 Qd7 21.
f3 Rxd2 22. Bh3 Rxc2 23. Bxd7 Rxd7 24. Rxd7 Nxd7 25. Rf2 Rxf2 26. Kxf2 c5 27.
Ke3 c4 28. f4 Nc5 29. fxe5 Nxe4 30. e6 Kc7 31. Kf4 Kd6 0-1

[Event "FSV-ch 2013"]
[Site "Dortmund"]
[Date "2013.04.18"]
[Round "3.14"]
[White "Büdel, Jürgen"]
[Black "Tautz, Eugen"]
[Result "1-0"]
[WhiteElo "1637"]
[BlackElo "1429"]
[PlyCount "87"]
[EventDate "2013.??.??"]

1. e4 e5 2. Nc3 Nf6 3. Bc4 Nc6 4. a3 a6 5. b4 d6 6. Bb2 Bg4 7. f3 Bd7 8. Qb1 g6
9. Qa2 Qe7 10. O-O-O b5 11. Nd5 Nxd5 12. Bxd5 Bg7 13. h4 h5 14. Ne2 a5 15. Qb3
O-O 16. Rdg1 axb4 17. axb4 Ra4 18. Bxc6 Bxc6 19. d4 Bd7 20. Nc3 Ra7 21. d5 Bf6
22. g4 hxg4 23. fxg4 Bxh4 24. Ne2 Kg7 25. Kb1 g5 26. Ng3 Bxg4 27. Rxh4 Bd7 28.
Qe3 Raa8 29. Qf3 f6 30. Nf5+ Bxf5 31. Qxf5 Rh8 32. Rxh8 Rxh8 33. Qf3 Qd7 34.
Bc1 Rh3 35. Qg2 Kf8 36. Bxg5 fxg5 37. Qxg5 Rh8 38. Qf6+ Qf7 39. Qxh8+ Ke7 40.
Rg7 Qxg7 41. Qxg7+ Kd8 42. Qf8+ Kd7 43. Qb8 Ke7 44. Qxc7+ 1-0

[Event "FSV-ch 2013"]
[Site "Dortmund"]
[Date "2013.04.18"]
[Round "3.16"]
[White "Mokros, Jürgen"]
[Black "Dirks, Rainer"]
[Result "1-0"]
[WhiteElo "1614"]
[BlackElo "1161"]
[PlyCount "51"]
[EventDate "2013.??.??"]

1. b3 e5 2. e3 Nf6 3. Bb2 e4 4. d4 d5 5. Nd2 Bd6 6. c4 O-O 7. Ne2 b6 8. Nc3 c6
9. Be2 Qc7 10. Rc1 Na6 11. cxd5 c5 12. Ndxe4 Nxe4 13. Nxe4 Re8 14. Nxd6 Qxd6
15. O-O Qxd5 16. Bf3 Re4 17. Bxe4 Qxe4 18. Qf3 Qxf3 19. gxf3 Bb7 20. Kg2 Rc8
21. Rfd1 Rc6 22. e4 Rg6+ 23. Kf1 h6 24. d5 Nc7 25. Ke2 Ba6+ 26. Ke3 1-0

[Event "FSV-ch 2013"]
[Site "Dortmund"]
[Date "2013.04.18"]
[Round "3.17"]
[White "Röll, Uwe"]
[Black "Reinacher, Detlev"]
[Result "0-1"]
[WhiteElo "1322"]
[BlackElo "1596"]
[PlyCount "104"]
[EventDate "2013.??.??"]

1. d4 Nf6 2. c4 g6 3. Nc3 Bg7 4. Nf3 d6 5. Bg5 c6 6. Bxf6 Bxf6 7. e3 Nd7 8. Be2
Qc7 9. O-O O-O 10. Rc1 a6 11. Re1 b6 12. g3 Bb7 13. Kf1 Rad8 14. Qc2 Rc8 15.
Qb3 Qb8 16. Red1 e6 17. a4 Bg7 18. Kg1 Rfe8 19. Kf1 Qa8 20. Ke1 c5 21. d5 Bxc3+
22. Rxc3 exd5 23. cxd5 Re7 24. Bc4 Rce8 25. Ng5 h6 26. Ne6 fxe6 27. dxe6 Ne5
28. Rxd6 Nf3+ 29. Ke2 Nxh2 30. Qxb6 Bf3+ 31. Kd2 Rb8 32. Qxc5 Rxb2+ 33. Rc2
Rxc2+ 34. Kxc2 Be4+ 35. Kc3 Qf8 36. f4 Qf6+ 37. Qd4 Qxd4+ 38. Kxd4 Bf5 39. Ke5
Kg7 40. Kd5 Kf6 41. Kc5 Ng4 42. Rxa6 Nxe3 43. Bd5 Nxd5 44. Kxd5 Rxe6 45. Ra7
Bh3 46. a5 Bg2+ 47. Kc5 Kf5 48. a6 Kg4 49. Rg7 Rxa6 50. Kd4 Bf3 51. Ke3 Bd1 52.
Kf2 Bc2 0-1

[Event "FSV-ch 2013"]
[Site "Dortmund"]
[Date "2013.04.18"]
[Round "3.18"]
[White "Nettbohl, Werner"]
[Black "Böckmann, Lieselotte"]
[Result "1/2-1/2"]
[WhiteElo "1530"]
[BlackElo "1006"]
[PlyCount "57"]
[EventDate "2013.??.??"]

1. e4 e6 2. d4 d5 3. exd5 exd5 4. Nf3 Bd6 5. Be2 h6 6. O-O Nf6 7. Re1 O-O 8. c3
Nc6 9. h3 Ne7 10. Bd3 Bf5 11. Be3 Qc8 12. Qc2 Bxd3 13. Qxd3 Nf5 14. Nbd2 Re8
15. Re2 Ne4 16. Rae1 Qe6 17. Nf1 Qf6 18. Bc1 Re6 19. N1d2 Nh4 (19... Nxd2 20.
Bxd2 Rxe2 21. Rxe2 c6 $11) 20. Nxe4 dxe4 21. Rxe4 Nxf3+ 22. Qxf3 Qxf3 23. gxf3
Rg6+ 24. Kf1 Kh7 25. Rg4 c6 26. Ree4 Rxg4 27. fxg4 f6 28. Re6 Rd8 29. f4
1/2-1/2

[Event "FSV-ch 2013"]
[Site "Dortmund"]
[Date "2013.04.18"]
[Round "3.19"]
[White "Rabe, Mark"]
[Black "Vogt, Christian"]
[Result "1/2-1/2"]
[WhiteElo "1072"]
[BlackElo "1495"]
[PlyCount "46"]
[EventDate "2013.??.??"]

1. c4 Nf6 2. Nc3 d5 3. e3 b6 4. d3 Bb7 5. Qf3 e6 6. a3 Be7 7. Be2 a5 8. Nh3 Na6
9. d4 Qc8 10. cxd5 exd5 11. Nf4 c6 12. Qg3 O-O 13. h4 Ne4 14. Nxe4 dxe4 15. Bd2
Bd6 16. Bc3 Bxf4 17. Qxf4 f5 18. Bc4+ Kh8 19. h5 h6 20. Qg3 Qd7 21. Rd1 Nc7 22.
Qf4 Nd5 23. Bxd5 cxd5 {(=)} 1/2-1/2

[Event "FSV-ch 2013"]
[Site "Dortmund"]
[Date "2013.04.18"]
[Round "3.20"]
[White "Link, Werner"]
[Black "Wangrin, Stefan A"]
[Result "1-0"]
[WhiteElo "1403"]
[BlackElo "1188"]
[PlyCount "155"]
[EventDate "2013.??.??"]

1. d4 d5 2. c4 e6 3. Nf3 c5 4. Nc3 dxc4 5. e3 cxd4 6. Qxd4 Qxd4 7. Nxd4 Nc6 8.
Nxc6 bxc6 9. Bxc4 Bb4 10. Bd2 Nf6 11. O-O a5 12. a3 Bxc3 13. Bxc3 Ba6 14. Bxa6
Rxa6 15. Rfd1 c5 16. f3 Ke7 17. e4 Nh5 18. g4 Nf6 19. Rac1 Rc8 20. Be1 g5 21.
h4 h6 22. hxg5 hxg5 23. Bd2 Nh7 24. Kg2 e5 25. Be3 c4 26. Rh1 Nf8 27. Bxg5+ f6
28. Be3 a4 29. Bd2 Nd7 30. Bb4+ Ke6 31. Rh7 Nc5 32. Rd1 Rd6 33. Rxd6+ Kxd6 34.
Rh6 Ke7 35. Rh7+ Kd6 36. Ra7 Kc6 37. Rf7 Nd7 38. Kf2 Rh8 39. Kg2 Rc8 40. Rg7
Nc5 {(=)} 41. Rg6 Rd8 42. Rxf6+ Kb5 43. g5 Nd3 44. Bc3 Nxb2 45. Bxb2 Rd2+ 46.
Kg3 Rxb2 47. g6 Rb1 48. Kf2 c3 49. g7 Rb2+ 50. Ke1 c2 51. Kd2 c1=Q+ 52. Kxc1
Rg2 53. Rf7 Kc4 54. Rc7+ Kb3 55. Kd1 Kxa3 56. Rb7 Ka2 57. Ke1 a3 58. Kf1 Rg6
59. Kf2 Ka1 60. f4 a2 61. f5 Rg2+ 62. Ke3 Re2+ 63. Kf3 Rf2+ 64. Kg4 Rf4+ 65.
Kg5 Rg4+ {(=)} 66. Kh6 Rh4+ 67. Kg6 Rg4+ 68. Kh7 Rh4+ 69. Kg8 Rh8+ 70. Kf7 Rf8+
71. Ke6 Re8+ 72. Kf6 Re6+ 73. Kf7 Rf6+ 74. Ke8 Re6+ 75. Re7 Rxe7+ 76. Kxe7 Kb1
77. g8=Q a1=Q 78. Qg1+ 1-0

[Event "FSV-ch 2013"]
[Site "Dortmund"]
[Date "2013.04.18"]
[Round "3.21"]
[White "Wickenfeld, Udo"]
[Black "Skoecz, Horst"]
[Result "1-0"]
[WhiteElo "1305"]
[BlackElo "1173"]
[PlyCount "93"]
[EventDate "2013.??.??"]

1. d4 Nf6 2. c4 d5 3. Nc3 e6 4. Bg5 Be7 5. e3 c6 6. Nf3 Nbd7 7. Bd3 Qa5 8. O-O
Qc7 9. Rc1 Qd8 10. cxd5 Nxd5 11. Bxe7 Nxe7 12. e4 Ng6 13. Qd2 Nh4 14. Ng5 Ng6
15. e5 h6 16. Nxe6 fxe6 17. Bxg6+ Ke7 18. Qf4 Rf8 19. Qh4+ Nf6 20. exf6+ gxf6
21. Qxh6 Kd7 22. Ne4 Qe7 23. Nc5+ Kc7 24. Qh7 Qxh7 25. Bxh7 b6 26. Ne4 Bd7 27.
Bg6 f5 28. Ng3 Rf6 29. Bh5 Rh8 30. Bf3 Rfh6 31. h3 Rh4 32. Rfd1 f4 33. Ne4 R8h6
34. Bg4 Rg6 35. Rc3 e5 36. Bxd7 Kxd7 37. dxe5+ Kc7 38. Rd6 Rxd6 39. Nxd6 Rh5
40. Nf7 Kd7 41. Rf3 Ke6 42. Rxf4 Rf5 43. Rxf5 Kxf5 44. Nd8 c5 45. e6 Kf6 46. e7
Kxe7 47. Nc6+ 1-0

[Event "FSV-ch 2013"]
[Site "Dortmund"]
[Date "2013.04.18"]
[Round "3.22"]
[White "Gerke, Dieter"]
[Black "Heinz, Hans-Werner"]
[Result "1-0"]
[WhiteElo "1471"]
[BlackElo "1156"]
[PlyCount "75"]
[EventDate "2013.??.??"]

1. d4 d5 2. c4 Nf6 3. Nc3 e6 4. Bg5 h6 5. Bh4 Be7 6. Nf3 Nc6 7. e3 O-O 8. Bd3
g6 9. Rc1 a6 10. Bg3 Nh7 11. Ne5 Nxe5 12. Bxe5 Bf6 13. Bg3 c6 14. cxd5 cxd5 15.
O-O h5 16. Na4 b6 17. Bc7 Qe7 18. Bxb6 e5 19. Rc7 Qd6 20. dxe5 Bxe5 21. f4 Bxb2
22. Qc2 Ba3 23. Rc6 Qe7 24. Bxg6 fxg6 25. Rxg6+ Kf7 26. Rh6 Nf6 27. Bd4 Ke6 28.
Qc6+ Kf5 29. Nc3 Bb7 30. Nxd5 Bxc6 31. Nxe7+ Bxe7 32. Rc1 Be4 33. Rc7 Rae8 34.
Bxf6 Bxf6 35. Rxh5+ Kg6 36. g4 Bd8 37. Rch7 Bd3 38. R5h6# 1-0

[Event "FSV-ch 2013"]
[Site "Dortmund"]
[Date "2013.04.18"]
[Round "3.23"]
[White "Pauli, Helmut"]
[Black "Rzoczek, Christoph"]
[Result "0-1"]
[WhiteElo "1166"]
[BlackElo "1552"]
[PlyCount "46"]
[EventDate "2013.??.??"]

1. d4 g6 2. Nf3 Bg7 3. e3 d6 4. Be2 Nf6 5. Nc3 O-O 6. O-O a5 7. h3 Nbd7 8. Nh2
a4 9. a3 c5 10. dxc5 Nxc5 11. Bd2 Rb8 12. b4 Nfe4 13. bxc5 Nxc3 14. Bxc3 Bxc3
15. Rb1 dxc5 16. Qxd8 Rxd8 17. Rfd1 Rxd1+ 18. Rxd1 Bf5 19. Bd3 Rd8 20. Be2
Rxd1+ 21. Bxd1 Bb2 22. c3 b5 23. Be2 Bd7 0-1

[Event "FSV-ch 2013"]
[Site "Dortmund"]
[Date "2013.04.18"]
[Round "3.24"]
[White "Yangibayev, Rustam"]
[Black "Reker, Gerhard"]
[Result "1-0"]
[WhiteElo "1425"]
[BlackElo "914"]
[PlyCount "49"]
[EventDate "2013.??.??"]

1. d4 d5 2. Nf3 Nf6 3. Bg5 Ne4 4. Bh4 Bg4 5. e3 Bxf3 6. Qxf3 Nc6 7. Bd3 Nb4 8.
Bxe4 dxe4 9. Qxe4 c6 10. O-O Qd6 11. c4 e6 12. a3 Na6 13. Qg4 g6 14. Bf6 Rg8
15. Nd2 Be7 16. Ne4 Qc7 17. Qf3 Bd6 18. h3 h5 19. Rac1 e5 20. c5 Be7 21. Bxe5
Qd7 22. Nd6+ Bxd6 23. Bxd6 Qe6 24. b4 b5 25. Qxc6+ 1-0

[Event "FSV-ch 2013"]
[Site "Dortmund"]
[Date "2013.04.18"]
[Round "3.25"]
[White "Schlettig, Hans-Joachim"]
[Black "Sobottka, Hans-Gerald"]
[Result "1-0"]
[WhiteElo "1217"]
[BlackElo "814"]
[PlyCount "114"]
[EventDate "2013.??.??"]

1. e4 e5 2. Nf3 Nc6 3. Bc4 Nf6 4. d3 Bb4+ 5. Nc3 Bxc3+ 6. bxc3 O-O 7. O-O d6 8.
h3 a6 9. Bg5 Re8 10. a4 Be6 11. Bb3 Bxb3 12. cxb3 d5 13. exd5 Qxd5 14. Bxf6
gxf6 15. Nh2 Ne7 16. Re1 Ng6 17. Re3 f5 18. c4 Qd4 19. Nf3 Qf4 20. g3 Qh6 21.
Kg2 f4 22. Re4 f5 23. Re1 fxg3 24. fxg3 f4 25. Qc1 Nh4+ 26. Nxh4 Qc6+ 27. Nf3
Qg6 28. g4 e4 29. Nh4 f3+ 30. Kg3 Qd6+ 31. Qf4 Qxf4+ 32. Kxf4 f2 33. Rf1 e3 34.
Nf3 e2 35. Rxf2 Rf8+ 36. Ke3 Rae8+ 37. Kd2 e1=Q+ 38. Rxe1 Rxe1 39. Kxe1 Re8+
40. Kd2 Re6 41. Nd4 Rh6 42. Rf3 Rd6 43. Kc3 c5 44. Nf5 Re6 45. Re3 Rxe3 46.
Nxe3 Kg7 47. Nd5 Kg6 48. h4 h5 49. Nf4+ Kh6 50. Nxh5 b6 51. Nf4 Kg7 52. g5 a5
53. Nd5 Kg6 54. Nxb6 Kh5 55. Nd7 Kxh4 56. g6 Kh5 57. g7 Kh6 1-0

[Event "FSV-ch 2013"]
[Site "Dortmund"]
[Date "2013.04.25"]
[Round "4.1"]
[White "Zelt, Jens"]
[Black "Bommert, Christian"]
[Result "1-0"]
[WhiteElo "2032"]
[BlackElo "1793"]
[PlyCount "93"]
[EventDate "2013.??.??"]

1. d4 f5 2. g3 Nf6 3. Nh3 g6 4. Bg2 Bg7 5. O-O Nc6 6. c3 d6 7. d5 Ne5 8. Nf4
Rb8 9. Qa4+ Bd7 10. Qxa7 O-O 11. Qe3 Qc8 12. Qd2 c6 13. Qc2 cxd5 14. Nxd5 Nxd5
15. Bxd5+ e6 16. Bg2 Bc6 17. Qb3 Bxg2 18. Kxg2 b5 19. Na3 b4 20. cxb4 d5 21.
Bf4 Rb7 22. Rac1 Qa8 23. Kg1 Qa6 24. b5 Qa7 25. Be3 d4 26. Qxe6+ Nf7 27. Bd2
Re7 28. Qc4 Rfe8 29. Rfe1 Kh8 30. Bf4 d3 31. Rb1 Rxe2 32. Rxe2 dxe2 33. Nc2 Qd7
34. Ne1 g5 35. Bc7 Nd6 36. Bxd6 Qxd6 37. Qc2 f4 38. a4 fxg3 39. hxg3 Bd4 40.
Kg2 Qd5+ 41. f3 g4 42. Qc6 Qf7 43. a5 Qe7 44. Qh6 Rf8 45. Qd2 gxf3+ 46. Nxf3
Qe4 47. Qxd4+ 1-0

[Event "FSV-ch 2013"]
[Site "Dortmund"]
[Date "2013.04.25"]
[Round "4.2"]
[White "Lauche, Christoph"]
[Black "Ropers, Klaus"]
[Result "1-0"]
[WhiteElo "1902"]
[BlackElo "1721"]
[PlyCount "99"]
[EventDate "2013.??.??"]

1. e4 c5 2. a3 Nc6 3. b4 cxb4 4. axb4 e5 5. b5 Nce7 6. Nf3 d6 7. Bc4 h6 8. d4
Qc7 9. Bb3 Nf6 10. dxe5 dxe5 11. b6 Qxb6 12. Nxe5 Be6 13. Ba4+ Nc6 14. Nxc6
bxc6 15. O-O Bc5 16. Qe2 O-O 17. h3 Rfd8 18. Nd2 Rac8 19. Bb3 Bxb3 20. Nxb3 Bd4
21. Ra6 Qb5 22. Qxb5 cxb5 23. Nxd4 Rxd4 24. f3 Rxc2 25. Rxa7 Rdc4 26. Be3 Re2
27. Ra3 b4 28. Rb3 Nd7 29. Rf2 Re1+ 30. Rf1 Re2 31. Rf2 Re1+ {(=)} 32. Kh2 Ra1
33. Kg3 Ne5 34. Rfb2 Nc6 35. Bd2 Ra4 36. Kf4 Rd4 37. Ke3 Kf8 38. Rc2 Rd6 39. f4
Ra3 40. Rxa3 bxa3 41. Ra2 Ke8 42. Rxa3 h5 43. g4 hxg4 44. hxg4 Rh6 45. Ra8+ Kd7
46. e5 Rh3+ 47. Ke4 Rg3 48. g5 Rg2 49. Be3 Rg3 50. Rf8 1-0

[Event "FSV-ch 2013"]
[Site "Dortmund"]
[Date "2013.04.25"]
[Round "4.3"]
[White "Grube, Jörg"]
[Black "Nagel, Frank"]
[Result "0-1"]
[WhiteElo "1774"]
[BlackElo "1628"]
[PlyCount "46"]
[EventDate "2013.??.??"]

1. d4 d5 2. c4 e6 3. Nc3 Nf6 4. cxd5 exd5 5. Bg5 Nbd7 6. e3 c6 7. Qc2 Qa5 8.
Bd3 Bb4 9. Nge2 h6 10. Bh4 O-O 11. O-O Bd6 12. a3 Qc7 13. Bxf6 Nxf6 14. h3 Be6
15. b4 Qd7 16. f3 Bxh3 17. gxh3 Qxh3 18. Rf2 Rfe8 19. e4 dxe4 20. Nxe4 Re6 21.
Nxd6 Rxd6 22. Raf1 Rd5 23. Rh2 $4 Rg5+ 0-1

[Event "FSV-ch 2013"]
[Site "Dortmund"]
[Date "2013.04.25"]
[Round "4.4"]
[White "Begna, Bozidar"]
[Black "Schütz, Ralf"]
[Result "1/2-1/2"]
[WhiteElo "1951"]
[BlackElo "1847"]
[PlyCount "112"]
[EventDate "2013.??.??"]

1. d3 d5 2. e4 dxe4 3. dxe4 Qxd1+ 4. Kxd1 e5 5. Be3 Be6 6. Nd2 a6 7. Bc4 Bxc4
8. Nxc4 Nc6 9. c3 Nf6 10. f3 b5 11. Nd2 O-O-O 12. Kc2 Nd7 13. b4 Nb6 14. Nh3
Rd7 15. Nf2 Be7 16. Nd3 Rhd8 17. Nb2 a5 18. a3 h6 19. Rhd1 Bg5 20. Bxg5 hxg5
21. Nb3 axb4 22. Rxd7 Nxd7 23. axb4 g6 24. Nd3 Nb6 25. Nbc5 Nc4 26. Re1 Rd6 27.
Kd1 Nb8 28. Ke2 Na6 29. Nb3 Nb8 30. Ra1 Ra6 31. Rxa6 Nxa6 32. Nd2 Nxd2 33. Kxd2
f6 34. g3 Kd7 35. f4 gxf4 36. gxf4 Kd6 37. h4 exf4 38. Nxf4 g5 39. h5 Ke7 40.
Nd5+ Kf7 41. Kd3 c5 42. Ke3 cxb4 43. cxb4 Nb8 44. Kd4 Nd7 45. Ne3 Ke6 46. Nd5
Kf7 47. Nc7 Kg7 48. Nxb5 Kh6 49. Nd6 Kxh5 50. Nf5 Kg4 51. Ke3 Nb6 52. Nh6+ Kh5
53. Nf5 Kg4 54. Nd6 Kh3 55. Kf2 Kg4 56. Ke3 Kh3 1/2-1/2

[Event "FSV-ch 2013"]
[Site "Dortmund"]
[Date "2013.04.25"]
[Round "4.5"]
[White "Khess, Igor"]
[Black "Büdel, Jürgen"]
[Result "1-0"]
[WhiteElo "1856"]
[BlackElo "1637"]
[PlyCount "109"]
[EventDate "2013.??.??"]

1. e4 Nc6 2. d4 e5 3. d5 Nce7 4. d6 Ng6 5. dxc7 Qxc7 6. Nc3 Bb4 7. Bd2 Nf6 8.
Nb5 Qc5 9. c3 Nxe4 10. Be3 Qe7 11. Nc7+ Kd8 12. Nxa8 Bc5 13. Bxc5 Qxc5 14. Qf3
f5 15. Qe3 Qxe3+ 16. fxe3 b6 17. Nf3 Bb7 18. Nxb6 axb6 19. Bb5 Ke7 20. O-O Nd6
21. Be2 h6 22. Rfd1 Rf8 23. a4 f4 24. exf4 Nxf4 25. Bf1 Nh3+ 26. gxh3 Bxf3 27.
Re1 Rf5 28. Bg2 Rg5 29. Rxe5+ Rxe5 30. Bxf3 Nc4 31. Ra2 Re1+ 32. Kf2 Rb1 33.
Be4 Rxb2+ 34. Rxb2 Nxb2 35. Bc2 Nc4 36. Ke2 Kd6 37. Kd3 Kc5 38. Bb3 Na5 39. Ba2
d5 40. h4 Nc6 41. Ke3 d4+ 42. cxd4+ Nxd4 {Es folgt ein Paradebeispiel fuer die
Ueberlegenheit eines Laeufers ueber einen Springer im Zweifluegelkampf ...} 43.
Ke4 g5 44. h5 $1 {Weiss bewahrt sich moeglichst viele Randbauern. Sonst von
minderem Wert, sind sie doch die Erzfeinde eines Springers.} 44... Ne2 45. Kf5
Nf4 46. Bf7 Kb4 47. Be8 Nd3 48. Kg6 Ne5+ 49. Kxh6 g4 50. Kg5 Nf3+ 51. Kxg4
Nxh2+ 52. Kf4 Nf1 53. h6 Nd2 54. h7 Nc4 55. h8=Q 1-0

[Event "FSV-ch 2013"]
[Site "Dortmund"]
[Date "2013.04.25"]
[Round "4.6"]
[White "Dieckmann, Rudolf"]
[Black "Sonntag, Joachim"]
[Result "1/2-1/2"]
[WhiteElo "1575"]
[BlackElo "1788"]
[PlyCount "33"]
[EventDate "2013.??.??"]

1. d4 d5 2. c4 e6 3. cxd5 exd5 4. Nc3 Nf6 5. Nf3 Nc6 6. Bg5 Be7 7. e3 O-O 8.
Bd3 Re8 9. O-O Bg4 10. h3 Be6 11. a3 h6 12. Bh4 Nh5 13. Bxe7 Qxe7 14. b4 Rad8
15. Bc2 Nb8 16. Ne5 Nf6 17. b5 1/2-1/2

[Event "FSV-ch 2013"]
[Site "Dortmund"]
[Date "2013.04.25"]
[Round "4.7"]
[White "Guddat, Jörn"]
[Black "Mokros, Jürgen"]
[Result "1-0"]
[WhiteElo "1787"]
[BlackElo "1614"]
[PlyCount "103"]
[EventDate "2013.??.??"]

1. d4 Nf6 2. c4 g6 3. g3 Bg7 4. Bg2 d5 5. cxd5 Nxd5 6. Nc3 Nxc3 7. bxc3 O-O 8.
Nf3 c5 9. O-O Nc6 10. Be3 Qa5 11. Qb3 h6 12. Rfd1 cxd4 13. Nxd4 Nxd4 14. cxd4
Rb8 15. Rac1 Bd7 16. Rc5 Qa6 17. Qc4 Qxc4 18. Rxc4 Bb5 19. Rc7 Bxe2 {(=)} 20.
Rdc1 Ba6 21. Rxe7 Rbd8 22. d5 Bf6 23. Rec7 Be5 24. R7c2 g5 25. Bxa7 Rd7 26. Bb6
f5 27. Rc8 Rxc8 28. Rxc8+ Kf7 29. a4 Re7 30. Rc1 f4 31. Re1 Bd6 32. Rxe7+ Bxe7
33. gxf4 Bd6 34. fxg5 hxg5 35. Bh3 Kg6 36. Bc8 Kh5 37. Kg2 Kh4 38. Bd8 Kh5 39.
h3 Kg6 40. Kf3 Kh5 41. Ke4 Kg6 42. h4 gxh4 43. Bxh4 Bc7 44. Bg3 Bd8 45. Ke5 Kf7
46. Kd6 Ke8 47. Bd7+ Kf7 48. Bb5 Bxb5 49. axb5 Bb6 50. Kd7 Bc5 51. d6 Bb6 52.
Bh4 1-0

[Event "FSV-ch 2013"]
[Site "Dortmund"]
[Date "2013.04.25"]
[Round "4.8"]
[White "Schulz-Runge, Michael"]
[Black "Benke, Werner"]
[Result "1-0"]
[WhiteElo "1718"]
[BlackElo "1465"]
[PlyCount "53"]
[EventDate "2013.??.??"]

1. e4 e6 2. f4 d5 3. e5 Ne7 4. Nf3 Ng6 5. d3 Bc5 6. c3 a6 7. b4 Be7 8. Be3 Nd7
9. d4 a5 10. b5 a4 11. Bd3 c6 12. O-O c5 13. f5 exf5 14. Bxf5 cxd4 15. cxd4 Nb6
16. Bd3 Be6 17. Nc3 Qd7 18. Ng5 Bxg5 19. Bxg5 h6 20. Bc1 O-O 21. Ba3 Rfc8 22.
Bc5 Nc4 23. Bxc4 dxc4 24. Bd6 Ne7 25. d5 Bg4 26. Qd4 Bh5 27. Qh4 1-0

[Event "FSV-ch 2013"]
[Site "Dortmund"]
[Date "2013.04.25"]
[Round "4.9"]
[White "Raskin, Vitali"]
[Black "Jentzsch, Werner Wilfried"]
[Result "1-0"]
[WhiteElo "1653"]
[BlackElo "1387"]
[PlyCount "33"]
[EventDate "2013.??.??"]

1. Nf3 c5 2. d4 cxd4 3. Nxd4 Nc6 4. g3 Nxd4 5. Qxd4 b6 6. Bg2 Rb8 7. Bf4 d6 8.
Qa4+ Bd7 9. Qxa7 Nf6 10. O-O e5 11. Bg5 Be7 12. Rd1 e4 13. Nc3 Bc6 14. Bxf6
Bxf6 15. Bxe4 Bxe4 16. Nxe4 Bxb2 17. Nxd6+ 1-0

[Event "FSV-ch 2013"]
[Site "Dortmund"]
[Date "2013.04.25"]
[Round "4.10"]
[White "Reinacher, Detlev"]
[Black "Boeck, Matthias"]
[Result "0-1"]
[WhiteElo "1596"]
[BlackElo "1649"]
[PlyCount "46"]
[EventDate "2013.??.??"]

1. Nf3 f5 2. g3 Nf6 3. Bg2 g6 4. d3 Bg7 5. c3 c6 6. Nbd2 O-O 7. Qc2 h6 8. a3 d6
9. b4 e5 10. Bb2 Qe8 11. e4 g5 12. O-O f4 13. h3 Nh7 14. d4 h5 15. Nh2 g4 16.
hxg4 hxg4 17. dxe5 dxe5 18. gxf4 exf4 19. f3 g3 20. Ng4 Qh5 21. Rfd1 Bxg4 22.
fxg4 Qh2+ 23. Kf1 f3 0-1

[Event "FSV-ch 2013"]
[Site "Dortmund"]
[Date "2013.04.28"]
[Round "4.11"]
[White "Khess, Roman"]
[Black "Koch, Detlev"]
[Result "1-0"]
[WhiteElo "1595"]
[BlackElo "1353"]
[PlyCount "65"]
[EventDate "2013.??.??"]

1. c4 Nf6 2. g3 d5 3. cxd5 Nxd5 4. Bg2 c6 5. Nf3 g6 6. O-O Bg7 7. Nc3 O-O 8. a3
a5 9. Qc2 Nd7 10. d3 Rb8 11. Rb1 b5 12. Ne4 Bb7 13. b4 Rc8 14. Bd2 a4 15. Rfc1
N5f6 16. Nc5 Nxc5 17. Qxc5 Nd7 18. Qe3 Re8 19. Rc2 Nf6 20. Qa7 Ba8 21. Rbc1 Qc7
22. Qxc7 Rxc7 23. Bf4 Rcc8 24. Ne5 c5 25. Rxc5 Rxc5 26. Rxc5 Bxg2 27. Kxg2 Rd8
28. Rxb5 Nd5 29. Rc5 Bf8 30. Nc6 Rd7 31. Ra5 Nc3 32. Ra8 Kg7 33. Be5+ 1-0

[Event "FSV-ch 2013"]
[Site "Dortmund"]
[Date "2013.04.25"]
[Round "4.12"]
[White "Herrmann, Rudolf"]
[Black "Jost, Udo"]
[Result "0-1"]
[WhiteElo "1310"]
[BlackElo "1921"]
[PlyCount "64"]
[EventDate "2013.??.??"]

1. d4 Nf6 2. Nf3 d6 3. c4 Nbd7 4. d5 a5 5. Nc3 Nc5 6. Qc2 e5 7. dxe6 Bxe6 8. b3
Be7 9. g3 Qd7 10. Bg2 Bf5 11. Qd1 Bh3 12. O-O Bxg2 13. Kxg2 h5 14. Nd5 h4 15.
Nxe7 hxg3 16. Bf4 Qh3+ 17. Kg1 gxh2+ 18. Kh1 Kxe7 19. Qd4 Ne6 20. Qd2 Rh5 21.
Ng5 Qf5 22. Nxe6 fxe6 23. Qe3 Rf8 24. c5 Nd5 25. cxd6+ cxd6 26. Bxd6+ Kxd6 27.
Rad1 Ke7 28. Qc5+ Kf7 29. f3 Qh3 30. Rf2 Qg3 31. Rg2 Qxg2+ 32. Kxg2 Nf4+ 0-1